Исследование физико-механических свойств керамики на основе карбонитридов титана циркония; Перспективные материалы конструкционного и функционального назначения

מידע ביבליוגרפי
Parent link:Перспективные материалы конструкционного и функционального назначения.— 2022.— [С. 204-206]
מחבר ראשי: Ли Цзе
מחבר תאגידי: Национальный исследовательский Томский политехнический университет Инженерная школа новых производственных технологий Отделение материаловедения
מחברים אחרים: Матренин С. В. Сергей Вениаминович
סיכום:Заглавие с экрана
שפה:רוסית
יצא לאור: 2022
סדרה:Функциональные материалы
נושאים:
גישה מקוונת:http://earchive.tpu.ru/handle/11683/74159
פורמט: אלקטרוני Book Chapter
KOHA link:https://koha.lib.tpu.ru/cgi-bin/koha/opac-detail.pl?biblionumber=635199

MARC

LEADER 00000naa2a2200000 4500
001 635199
005 20240109091615.0
035 |a (RuTPU)RU\TPU\conf\37045 
035 |a RU\TPU\conf\37043 
090 |a 635199 
100 |a 20221130d2022 k y0rusy50 ca 
101 0 |a rus 
102 |a RU 
105 |a y z 101zy 
135 |a drcn ---uucaa 
181 0 |a i  
182 0 |a b 
200 1 |a Исследование физико-механических свойств керамики на основе карбонитридов титана циркония  |f Ли Цзе, С. В. Матренин 
203 |a Текст  |c электронный 
225 1 |a Функциональные материалы 
300 |a Заглавие с экрана 
320 |a [Библиогр.: с. 206 (2 назв.)] 
463 0 |0 (RuTPU)RU\TPU\conf\36996  |t Перспективные материалы конструкционного и функционального назначения  |o сборник научных трудов Международной научно-технической молодежной конференции, Томск, 17–21 октября 2022 г.  |f Национальный исследовательский Томский политехнический университет ; ред. кол. С. П. Буякова, Б. С. Зенин, И. Э. Васильева, Е. А. Даренская  |v [С. 204-206]  |d 2022 
610 1 |a электронный ресурс 
610 1 |a труды учёных ТПУ 
610 1 |a физико-механические свойства 
610 1 |a керамика 
610 1 |a карбонитриды 
610 1 |a керамические материалы 
610 1 |a порошки 
610 1 |a карбиды 
610 1 |a нитрид титана 
610 1 |a нитрид циркония 
610 1 |a индентирование 
700 0 |a Ли Цзе 
701 1 |a Матренин  |b С. В.  |c специалист в области материаловедения  |c доцент Томского политехнического университета, кандидат технических наук  |f 1964-  |g Сергей Вениаминович  |3 (RuTPU)RU\TPU\pers\25491  |9 11428 
712 0 2 |a Национальный исследовательский Томский политехнический университет  |b Инженерная школа новых производственных технологий  |b Отделение материаловедения  |3 (RuTPU)RU\TPU\col\23508 
801 2 |a RU  |b 63413507  |c 20221213  |g RCR 
856 4 |u http://earchive.tpu.ru/handle/11683/74159 
942 |c BK